000 01866cam a22004934i 4500
003 PE-LiUPU
005 20250731173029.0
008 150623s r 000 0 d
020 _a0820438189
035 _a(Sirsi) i9780820438184
040 _aPE-LiUPU
_bspa
_cPE-LiUPU
_erda
049 _aPRUA
082 0 4 _a221.91
_bL23
_221
100 1 _aLangston, Scott M.,
_eautor.
245 1 0 _aCultic sites in the tribe of Benjamin :
_bbenjaminite prominenence in the religion of Israel /
_cScott M. Langston.
264 1 _aNew York, NY. :
_bPeter Lang Publishing,
_c1998.
300 _a275 páginas ;
_c24 centímetros
336 _atext
_2rdacontent
337 _aunmediated
_2rdamedia
338 _avolume
_2rdacarrier
490 0 _aAmerican Univerity Studies; serie VII. Teología y Religion ;
_v200
504 _aIncluye bibliografía.
505 0 _aCultic terms designating places of worship. -Benjaminite sites with multiple cultic designation. -Benjaminite sites with one cultic designation. -Benjamin's cultic prominence: cultic and political implications.
526 _aSEG42
526 _aSEG41
526 _aSEG40
526 _aSEG39
526 _aP94
526 _aP87
526 _aP86
526 _aP85
526 _aP77
526 _aP76
526 _aP35
630 _aBiblia.
_pA.T.
_xCrítica, interpretación, etc.
650 0 4 _aCulto en la biblia.
651 _aBenjamín (Tribu de Israel)
_xEstudio.
942 _2ddc
_cBOOK
949 _a221.91 L23
_wDEWEY
_c1
_i48071
_lCCODEBUL1
_mBUL
_r0
_sY
_tBOOK
_u2015-6-24
_xTEOLOGIA
_PP35
_0COMPRA
_o.STAFF. Colección General
994 _aC0
_bPEPRU
596 _a1
999 _a221.91 L23
_wDEWEY
_c24894
_i48071
_f2021-11-9
_g5
_lCCODEBUL1
_mBUL
_r0
_sY
_tBOOK
_u2015-6-24
_xTEOLOGIA
_PP35
_0COMPRA
_o.STAFF. Colección General
_d24894
980 _81
_gALBERTO SANCHEZ Responsable de Automatización